[Event "Senta op 25th"]
[Site "Senta"]
[Date "2021.07.22"]
[Round "7"]
[White "Olajos, Gyozo"]
[Black "Radovic, Stefan"]
[Result "0-1"]
[WhiteElo "1585"]
[BlackElo "1985"]
[PlyCount "82"]
[EventDate "2021.07.17"]
[EventType "swiss"]
[EventRounds "9"]
[EventCountry "SRB"]
[SourceTitle "EXT 2022"]
[Source "ChessBase"]
[SourceDate "2021.10.06"]
[SourceVersion "1"]
[SourceVersionDate "2021.10.06"]
[SourceQuality "1"]

1. e4 c5 2. Nf3 g6 3. Bc4 Bg7 4. c3 e6 5. d3 Ne7 6. Bg5 0-0 7. Nbd2 Nbc6 8. Nb3 b6 9. Bf4 d5 10. Bb5 Bb7 11. e5 a6 12. Bxc6 Nxc6 13. d4 cxd4 14. cxd4 a5 15. 0-0 Ba6 16. Re1 Qd7 17. a3 a4 18. Nbd2 Na5 19. Rc1 Rfc8 20. h3 Qb5 21. Rb1 Qd7 22. Nh2 Bd3 23. Rc1 Rxc1 24. Qxc1 Rc8 25. Qd1 Qb5 26. Re3 Qxb2 27. Rxd3 Rc1 28. Qxc1 Qxc1+ 29. Nhf1 Nb3 30. Rf3 Qxa3 31. Nxb3 axb3 32. Nd2 Qa1+ 33. Kh2 Qxd4 34. Nxb3 Qb2 35. g3 Bxe5 36. Bh6 Bg7 37. Bc1 Qe2 38. Kg2 h5 39. Be3 b5 40. Nd4 Qc4 41. Rf4 e5 0-1

[Event "Battle of Senta op 24th"]
[Site "Senta"]
[Date "2020.07.15"]
[Round "6"]
[White "Olajos, Gyozo"]
[Black "Muskinja, Luka"]
[Result "0-1"]
[WhiteElo "1584"]
[BlackElo "2057"]
[PlyCount "62"]
[EventDate "2020.07.11"]
[EventType "swiss"]
[EventRounds "9"]
[EventCountry "SRB"]
[SourceTitle "CBM 197 Extra"]
[Source "ChessBase"]
[SourceDate "2020.09.30"]
[SourceVersion "1"]
[SourceVersionDate "2020.09.30"]
[SourceQuality "1"]

1. d4 Nf6 2. c4 e5 3. e3 exd4 4. exd4 d5 5. Nc3 Be7 6. Bf4 c6 7. Nf3 Bg4 8. c5 Nbd7 9. Be2 0-0 10. h3 Bxf3 11. Bxf3 b6 12. b4 a5 13. a3 Re8 14. 0-0 Nf8 15. Re1 Ne6 16. Be5 Nd7 17. Bg3 Bf6 18. Be5 Nxd4 19. Bxf6 Rxe1+ 20. Qxe1 Nxf3+ 21. gxf3 Qxf6 22. cxb6 Nxb6 23. bxa5 Nc4 24. Kg2 h6 25. a6 Rxa6 26. a4 Qg5+ 27. Kh2 Qf4+ 28. Kg2 c5 29. Qd1 Rg6+ 30. Kh1 Qh4 31. Qf1 Nd2 0-1

[Event "Battle of Senta op 24th"]
[Site "Senta"]
[Date "2020.07.14"]
[Round "5"]
[White "Olajos, Gyozo"]
[Black "Farkas, Sandor I"]
[Result "0-1"]
[WhiteElo "1584"]
[BlackElo "2041"]
[PlyCount "100"]
[EventDate "2020.07.11"]
[EventType "swiss"]
[EventRounds "9"]
[EventCountry "SRB"]
[SourceTitle "CBM 197 Extra"]
[Source "ChessBase"]
[SourceDate "2020.09.30"]
[SourceVersion "1"]
[SourceVersionDate "2020.09.30"]
[SourceQuality "1"]

1. d4 Nf6 2. c4 g6 3. Nc3 Bg7 4. Nf3 0-0 5. Bf4 d6 6. e3 c5 7. Be2 Nh5 8. Bg5 h6 9. Bh4 g5 10. Bg3 g4 11. Nh4 cxd4 12. exd4 f5 13. f4 Nxg3 14. hxg3 Qb6 15. Qc2 Qxd4 16. Rd1 Qb6 17. Ng6 Rf7 18. Nd5 Qd8 19. 0-0 e6 20. Ne3 Nc6 21. Qd2 Qb6 22. Kh2 Qxb2 23. Nc2 Qf6 24. Nh4 Bf8 25. Qe3 Bd7 26. Nd4 Nxd4 27. Rxd4 Bc6 28. Bd3 Rd8 29. Bc2 d5 30. Rdd1 d4 31. Qe2 Bc5 32. Rfe1 Bb4 33. Qxe6 Bxe1 34. Qxe1 Re7 35. Qb4 Re2 36. Bb3 Kh7 37. Rd2 Rxd2 38. Qxd2 Be4 39. Qa5 d3 40. Qc7+ Kg8 41. c5+ Bd5 42. Qxb7 Bxb3 43. Qxb3+ Qf7 44. Qb1 d2 45. Nxf5 Qh5+ 46. Nh4 d1Q 47. Qe4 Qdd5 48. Qc2 Qd3 49. Qc1 Qhd5 50. c6 Q5c4 0-1

[Event "Battle of Senta op 24th"]
[Site "Senta"]
[Date "2020.07.13"]
[Round "4"]
[White "Simonyi, Zoltan"]
[Black "Olajos, Gyozo"]
[Result "1-0"]
[WhiteElo "2164"]
[BlackElo "1584"]
[PlyCount "83"]
[EventDate "2020.07.11"]
[EventType "swiss"]
[EventRounds "9"]
[EventCountry "SRB"]
[SourceTitle "CBM 197 Extra"]
[Source "ChessBase"]
[SourceDate "2020.09.30"]
[SourceVersion "1"]
[SourceVersionDate "2020.09.30"]
[SourceQuality "1"]

1. e4 c5 2. Nf3 Nc6 3. d4 cxd4 4. Nxd4 e5 5. Nb5 d6 6. N1c3 a6 7. Na3 Nf6 8. Bg5 Be7 9. Nc4 Nd4 10. Ne3 h6 11. Bxf6 Bxf6 12. Ncd5 0-0 13. c3 Nc6 14. Bc4 b5 15. Bb3 Na5 16. Bc2 Bg5 17. a4 Bd7 18. 0-0 Bc6 19. b4 Nc4 20. Nxc4 bxc4 21. g3 Re8 22. Bb1 Rc8 23. Ba2 Bb7 24. Rb1 Re6 25. Re1 Rg6 26. a5 Qd7 27. Nb6 Qh3 28. Nxc8 Bxc8 29. Bxc4 Bg4 30. Be2 h5 31. Bf1 Qxf1+ 32. Kxf1 Bxd1 33. Rexd1 h4 34. b5 hxg3 35. hxg3 axb5 36. a6 d5 37. a7 Ra6 38. Ra1 Rxa7 39. Rxa7 dxe4 40. Rdd7 Bf6 41. Rxf7 Kh7 42. Rxf6 1-0

[Event "Battle of Senta op 24th"]
[Site "Senta"]
[Date "2020.07.12"]
[Round "2"]
[White "Olajos, Gyozo"]
[Black "Juhasz, Bencze"]
[Result "0-1"]
[WhiteElo "1584"]
[BlackElo "2215"]
[PlyCount "44"]
[EventDate "2020.07.11"]
[EventType "swiss"]
[EventRounds "9"]
[EventCountry "SRB"]
[SourceTitle "CBM 197 Extra"]
[Source "ChessBase"]
[SourceDate "2020.09.30"]
[SourceVersion "1"]
[SourceVersionDate "2020.09.30"]
[SourceQuality "1"]

1. d4 Nf6 2. c4 g6 3. Nc3 Bg7 4. Bf4 0-0 5. e3 b6 6. Bd3 Bb7 7. f3 d6 8. Nge2 Nbd7 9. Bg3 e5 10. d5 Nh5 11. Ne4 f5 12. Nf2 f4 13. e4 fxg3 14. Nxg3 Nxg3 15. hxg3 Qg5 16. Rh3 Bc8 17. Qe2 Nf6 18. Ng4 Nxg4 19. fxg4 Bxg4 20. Qc2 Qe3+ 21. Be2 Bxh3 22. gxh3 Bh6 0-1

[Event "Senta op 23rd"]
[Site "Senta"]
[Date "2019.07.24"]
[Round "7"]
[White "Olajos, Gyozo"]
[Black "Soklovacki, Mila"]
[Result "0-1"]
[WhiteElo "1567"]
[BlackElo "1851"]
[PlyCount "50"]
[EventDate "2019.07.19"]
[EventType "swiss"]
[EventRounds "9"]
[EventCountry "SRB"]
[SourceTitle "EXT 2020"]
[Source "ChessBase"]
[SourceDate "2019.10.17"]
[SourceVersion "1"]
[SourceVersionDate "2019.10.17"]
[SourceQuality "1"]

1. d4 d5 2. c4 e6 3. Nc3 Nf6 4. Bf4 c5 5. Nf3 Nc6 6. e3 Be7 7. Nb5 0-0 8. Nc7 Rb8 9. Nxd5 exd5 10. cxd5 Qxd5 11. Bxb8 Nxb8 12. Be2 cxd4 13. 0-0 dxe3 14. fxe3 Bc5 15. Nd4 Qe5 16. Rf3 Ng4 17. Rg3 Nxe3 18. Qd2 Bxd4 19. Kh1 Nc6 20. Re1 Nf5 21. Rf3 Be3 22. Qd1 Ncd4 23. Rff1 Nh4 24. Bc4 Qg5 25. Bd5 Qxd5 0-1

[Event "Senta op 21st"]
[Site "Senta"]
[Date "2017.07.25"]
[Round "2"]
[White "Olajos, Gyozo"]
[Black "Zhukov, Anton"]
[Result "0-1"]
[WhiteElo "1620"]
[BlackElo "1888"]
[PlyCount "36"]
[EventDate "2017.07.24"]
[EventType "swiss"]
[EventRounds "9"]
[EventCountry "SRB"]
[SourceTitle "CBM 179 Extra"]
[Source "ChessBase"]
[SourceDate "2017.08.23"]
[SourceVersion "1"]
[SourceVersionDate "2017.08.23"]
[SourceQuality "1"]

1. d4 f5 2. Bf4 Nf6 3. Nc3 g6 4. e3 Bg7 5. Bc4 e6 6. Nf3 d6 7. Qe2 0-0 8. Ng5 d5 9. Bb3 Nc6 10. Nb5 Nh5 11. g3 a6 12. Nxc7 Nxf4 13. Ncxe6 Nxe6 14. Nf3 Nexd4 15. Nxd4 Nxd4 16. Qd3 Qa5+ 17. Kf1 Nxb3 18. cxb3 Qb5 0-1

[Event "Senta op 20th"]
[Site "Senta"]
[Date "2016.07.22"]
[Round "1"]
[White "Olajos, Gyozo"]
[Black "Vranic, Ljubomir"]
[Result "0-1"]
[WhiteElo "1628"]
[BlackElo "2152"]
[PlyCount "76"]
[EventDate "2016.07.22"]
[EventType "swiss"]
[EventRounds "9"]
[EventCountry "SRB"]
[SourceTitle "EXT 2017"]
[Source "ChessBase"]
[SourceDate "2016.10.25"]
[SourceVersion "1"]
[SourceVersionDate "2016.10.25"]
[SourceQuality "1"]

1. d4 Nf6 2. Nf3 d6 3. Bf4 Nbd7 4. e3 g6 5. Bc4 h6 6. Nc3 Nh5 7. Bg3 Bg7 8. Qd3 c6 9. Nh4 d5 10. Bb3 Nxg3 11. hxg3 e5 12. 0-0-0 e4 13. Nxe4 dxe4 14. Qxe4+ Qe7 15. Qd3 Nf8 16. f4 Bg4 17. Rde1 0-0-0 18. Nf3 Be6 19. Ne5 Bxe5 20. fxe5 Bxb3 21. Qxb3 Ne6 22. Rd1 Ng5 23. Rhf1 Rhf8 24. Rf4 f6 25. exf6 Rxf6 26. d5 cxd5 27. Ra4 Kb8 28. Ra5 Ne4 29. Qa4 a6 30. Qb3 Ka7 31. a3 Rb6 32. Qa4 Nf2 33. Re1 d4 34. Qc4 d3 35. Rd5 Rxd5 36. Qxd5 Rd6 37. Qc5+ b6 38. Qc3 d2+ 0-1

[Event "Senta-ch"]
[Site "Senta"]
[Date "2016.01.30"]
[Round "5"]
[White "Olajos, Gyozo"]
[Black "Solymosi, Andras"]
[Result "0-1"]
[WhiteElo "1581"]
[BlackElo "1991"]
[PlyCount "88"]
[EventDate "2016.01.22"]
[EventType "swiss"]
[EventRounds "9"]
[EventCountry "SRB"]
[SourceTitle "CBM 170 Extra"]
[Source "ChessBase"]
[SourceDate "2016.02.25"]
[SourceVersion "1"]
[SourceVersionDate "2016.02.25"]
[SourceQuality "1"]

1. d4 Nf6 2. c4 g6 3. Nc3 Bg7 4. Nf3 d6 5. Bf4 0-0 6. e3 Nbd7 7. Bd3 c6 8. Qc2 Qc7 9. h3 e5 10. Bh2 Ne8 11. 0-0-0 f5 12. Ng5 Nb8 13. d5 h6 14. Ne6 Bxe6 15. dxe6 Na6 16. a3 Nc5 17. g4 Nxd3+ 18. Qxd3 Qe7 19. gxf5 gxf5 20. f3 Qxe6 21. Rdg1 Rc8 22. Kb1 Rd8 23. Rg2 d5 24. c5 Kh7 25. e4 Nc7 26. Rhg1 Rd7 27. Qc2 fxe4 28. fxe4 d4 29. Nd5 cxd5 30. exd5+ Qf5 31. Rxg7+ Rxg7 32. Rxg7+ Kxg7 33. d6 Ne6 34. b4 Qxc2+ 35. Kxc2 Rf2+ 36. Kd3 Rxh2 37. Ke4 Kf6 38. a4 Rxh3 39. Kd5 Nf4+ 40. Kc4 a6 41. b5 a5 42. b6 Rc3+ 43. Kb5 Nd3 44. Kxa5 Rxc5# 0-1

[Event "Senta-ch"]
[Site "Senta"]
[Date "2015.02.06"]
[Round "4"]
[White "Kruska, Matej"]
[Black "Olajos, Gyozo"]
[Result "0-1"]
[WhiteElo "1390"]
[BlackElo "1647"]
[PlyCount "80"]
[EventDate "2015.01.30"]
[EventType "swiss"]
[EventRounds "9"]
[EventCountry "SRB"]
[SourceTitle "EXT 2016"]
[Source "ChessBase"]
[SourceDate "2015.10.08"]
[SourceVersion "1"]
[SourceVersionDate "2015.10.08"]
[SourceQuality "1"]

1. d4 Nf6 2. c4 e6 3. Nc3 Bb4 4. Bd2 Nc6 5. e3 b6 6. g3 Bb7 7. Bg2 0-0 8. Nf3 Rb8 9. 0-0 Ba6 10. b3 d5 11. Nb5 Ne4 12. Bxb4 Nxb4 13. a3 Nc6 14. Rc1 Bb7 15. Nd2 f5 16. Qc2 a6 17. Nc3 Na5 18. b4 Nxc4 19. Nxc4 dxc4 20. Nxe4 fxe4 21. Bxe4 Bxe4 22. Qxe4 Qd5 23. Qxd5 exd5 24. h4 Rf3 25. Rc3 Rbf8 26. a4 c6 27. Ra3 h6 28. a5 Rb8 29. Kg2 Rf7 30. Ra2 Kh7 31. Rfa1 Ra7 32. f3 Kg6 33. e4 b5 34. e5 Kf5 35. f4 Ke4 36. Kh3 Kxd4 37. Rd1+ Kc3 38. Rf2 d4 39. Rc1+ Kxb4 40. Ra2 c3 0-1

[Event "Senta-ch"]
[Site "Senta"]
[Date "2014.02.14"]
[Round "8"]
[White "Olajos, Gyozo"]
[Black "Vrabel, Mate"]
[Result "0-1"]
[WhiteElo "1676"]
[BlackElo "1513"]
[PlyCount "118"]
[EventDate "2014.01.24"]
[EventType "swiss"]
[EventRounds "9"]
[EventCountry "SRB"]
[SourceTitle "EXT 2016"]
[Source "ChessBase"]
[SourceDate "2015.10.08"]
[SourceVersion "1"]
[SourceVersionDate "2015.10.08"]
[SourceQuality "1"]

1. d4 d5 2. c4 c6 3. Nc3 Nf6 4. Bg5 e6 5. e3 Be7 6. Nf3 0-0 7. Be2 Nbd7 8. 0-0 dxc4 9. Bxc4 Nd5 10. Bxe7 Qxe7 11. Qc2 Qb4 12. Ne4 N5f6 13. Bd3 h6 14. a3 Qe7 15. Rac1 Re8 16. Ng3 e5 17. dxe5 Nxe5 18. Nxe5 Qxe5 19. Rce1 Be6 20. f4 Qc7 21. e4 Rad8 22. e5 Nd5 23. Ne4 Bc8 24. Nd6 Qb6+ 25. Kh1 Ne3 26. Bh7+ Kf8 27. Rxe3 Qxe3 28. Nxe8 Kxe8 29. h3 Rd2 30. Qe4 Qxe4 31. Bxe4 Rxb2 32. Rf3 Be6 33. Rd3 Rb1+ 34. Kh2 Rb3 35. f5 Rxd3 36. Bxd3 Bd5 37. g4 Ke7 38. Kg3 b5 39. Kf4 a5 40. Ke3 b4 41. axb4 axb4 42. Kd4 b3 43. h4 Kd7 44. g5 hxg5 45. hxg5 Ke7 46. Bb1 Kd7 47. Bd3 Bf3 48. Bb1 Bd1 49. Kc3 b2 50. Kxb2 Bh5 51. Kc3 g6 52. f6 Bf3 53. Kd4 Bd5 54. Kc5 Ke6 55. Kd4 c5+ 56. Kxc5 Kxe5 57. Bc2 Ba2 58. Bd3 Kf4 59. Kd6 Kxg5 0-1

[Event "Senta-ch"]
[Site "Senta"]
[Date "2014.01.25"]
[Round "2"]
[White "Olajos, Gyozo"]
[Black "Davidovic, Zoran"]
[Result "1-0"]
[WhiteElo "1676"]
[BlackElo "1907"]
[PlyCount "133"]
[EventDate "2014.01.24"]
[EventType "swiss"]
[EventRounds "9"]
[EventCountry "SRB"]
[SourceTitle "EXT 2016"]
[Source "ChessBase"]
[SourceDate "2015.10.08"]
[SourceVersion "1"]
[SourceVersionDate "2015.10.08"]
[SourceQuality "1"]

1. d4 f5 2. Bf4 Nf6 3. Nc3 e6 4. e3 Bb4 5. Bd3 0-0 6. Qd2 d5 7. a3 Ba5 8. f3 Nc6 9. h3 Nh5 10. Nge2 Ne7 11. Bg5 h6 12. Bh4 c6 13. 0-0-0 Qd6 14. g4 fxg4 15. hxg4 Nf6 16. g5 Nh7 17. f4 h5 18. Bg3 Nf5 19. Rxh5 g6 20. Rh3 b5 21. Rdh1 Rf7 22. b4 Bb6 23. Bf2 a5 24. Nb1 Bd7 25. Ng3 Rg7 26. e4 axb4 27. axb4 Nxg3 28. e5 Qe7 29. Rxg3 Be8 30. c3 Ra1 31. Kd1 Qa7 32. Ke2 Ra2 33. Bc2 Rb2 34. Qd3 Qa2 35. Rc1 Nf8 36. Nd2 Rh7 37. Rgg1 Qa3 38. Ra1 Ra2 39. Nb3 Qxb3 40. Rgc1 Qa3 41. Rxa2 Qxa2 42. Kf3 Qb2 43. Be3 Qa3 44. Kg3 Bd8 45. Bd2 Be7 46. Qf1 Bxb4 47. Ra1 Qb2 48. Qd1 Be7 49. Rb1 Qa2 50. Bb3 Qa7 51. Ra1 c5 52. Rxa7 c4 53. Bc2 Kf7 54. Bc1 Bd7 55. Ba3 Bxa3 56. Rxa3 Bc6 57. Qb1 Kg8 58. Bxg6 Rg7 59. Bc2 Be8 60. Ra8 Bc6 61. Rc8 Bd7 62. Rc7 Re7 63. Rxd7 Rxd7 64. Qxb5 Rg7 65. Qe8 Ra7 66. g6 Ra1 67. Qf7+ 1-0

[Event "Senta op-B 17th"]
[Site "Senta"]
[Date "2013.07.20"]
[Round "9"]
[White "Olajos, Gyozo"]
[Black "Mravik, Katalin"]
[Result "1-0"]
[WhiteElo "1690"]
[BlackElo "1589"]
[PlyCount "35"]
[EventDate "2013.07.13"]
[EventType "swiss"]
[EventRounds "9"]
[EventCountry "SRB"]
[SourceTitle "EXT 2014"]
[Source "ChessBase"]
[SourceDate "2013.11.20"]
[SourceVersion "1"]
[SourceVersionDate "2013.11.20"]
[SourceQuality "1"]

1. d4 d6 2. Nc3 Nf6 3. Bf4 Nbd7 4. e3 a6 5. Bc4 e6 6. Nf3 b6 7. Qe2 Bb7 8. 0-0-0 Qe7 9. Rhe1 h6 10. h3 0-0-0 11. Bxa6 Nb8 12. Bxb7+ Kxb7 13. Rd3 g6 14. e4 Bg7 15. Nb5 Rhe8 16. Ra3 Kc8 17. Qc4 Qd7 18. Nxd6+ 1-0

[Event "Senta op-B 16th"]
[Site "Senta"]
[Date "2012.07.14"]
[Round "1"]
[White "Kosa, Jeno"]
[Black "Olajos, Gyozo"]
[Result "1-0"]
[WhiteElo "2123"]
[BlackElo "1677"]
[PlyCount "97"]
[EventDate "2012.07.14"]
[EventType "swiss"]
[EventRounds "9"]
[EventCountry "SRB"]
[SourceTitle "CBM 149 Extra"]
[Source "ChessBase"]
[SourceDate "2012.08.24"]
[SourceVersion "1"]
[SourceVersionDate "2012.08.24"]
[SourceQuality "1"]

1. d4 Nf6 2. c4 e5 3. dxe5 Ng4 4. Bf4 Nc6 5. Nf3 Bb4+ 6. Nbd2 Qe7 7. a3 Ngxe5 8. Nxe5 Nxe5 9. e3 Bxd2+ 10. Qxd2 d6 11. Be2 Bf5 12. 0-0 0-0-0 13. Qc3 f6 14. Rfd1 h5 15. Rac1 g5 16. Bxe5 fxe5 17. c5 d5 18. c6 b6 19. Qb3 Be6 20. Qb5 Kb8 21. b4 Qf7 22. a4 Bc8 23. a5 a6 24. Qd3 b5 25. Rc5 e4 26. Qd4 Rhf8 27. Rf1 g4 28. Rcc1 Rd6 29. Qe5 Rf6 30. Qg3 Rh8 31. Qe5 Rhh6 32. Rc5 Rf5 33. Qb2 Rff6 34. Qd4 Rd6 35. Bd1 Rhf6 36. Bb3 Rf5 37. Qd2 h4 38. Qe2 g3 39. fxg3 hxg3 40. hxg3 Rxf1+ 41. Qxf1 Rf6 42. Qe2 Be6 43. Rc1 Qh7 44. Rf1 Rh6 45. Rf8+ Ka7 46. Qb2 Rh1+ 47. Kf2 Qf7+ 48. Rxf7 Bxf7 49. Qg7 1-0